000 00484nam a2200181Ia 4500
008 230524s9999 xx 000 0 und d
020 _a9780143333548
082 _a502.3
_bKAL
100 _aA.P.J. Abdul Kalam
245 0 _aReignited Scientific Pathways to A Brighter Future
250 _a1
260 _aNew Delhi
_bPuffin Books
_c2015
300 _a257p;
500 _aQuantity Number: 1
650 _aMiscellaneous
_91877
700 _aSrijan Pal Singh
_941798
942 _cBK
999 _c60742
_d60742